Εννέα μαγικά παραμύθια
Saved in:
| Main Author: | |
|---|---|
| Other Authors: | |
| Format: | Book |
| Language: | Greek Irish |
| Published: |
Αθήνα :
Γράμματα,
1990.
|
| Series: | Λογοτεχνία (Γράμματα)
; 179 |
| Subjects: | |
| Tags: |
Add Tag
No Tags, Be the first to tag this record!
|
MARC
| LEADER | 00000cam a2200000 a 4500 | ||
|---|---|---|---|
| 001 | 1/122090 | ||
| 008 | 200918t1990####gr | ||| |||| ||gre|| | ||
| 020 | |a 9789603291480 | ||
| 040 | |a GR-MyUa |b gre |c GR-MyUa |e AACR2 | ||
| 041 | 1 | |a gre |h gle | |
| 082 | 7 | |a 808.899282 |2 (23) | |
| 100 | 1 | |a Wilde, Oscar, |d 1854-1900. | |
| 245 | 1 | 0 | |a Εννέα μαγικά παραμύθια / |c Όσκαρ Γουάιλντ ; μετάφραση Ρένα Χατχούτ. |
| 260 | |a Αθήνα : |b Γράμματα, |c 1990. | ||
| 300 | |a 182 σ. ; |c 21 εκ. | ||
| 490 | 1 | |a (Γράμματα/Λογοτεχνια |v ; 179) | |
| 650 | 0 | |a Children's literature. | |
| 650 | 0 | |a Fairy tales. | |
| 650 | 0 | |a Children's stories. | |
| 700 | 1 | |a Χατχούτ, Ρένα, |e trlf | |
| 830 | 0 | |a Λογοτεχνία (Γράμματα) |v ; 179 | |
| 852 | |a INST |b SAMOS |e 20200918 |h 808.899282 WIL |p 005300046753 |q 005300046753 |t BK |y 0 | ||
| 920 | |a Μοσχογιάννη |b Κωνσταντίνα |y Σάμος |z 2020-02 | ||
| 970 | |a Φιλιππή |b Φάλη |z 18-09-2020 | ||